| 000 | 00885nam2a22002531 4500 | ||
|---|---|---|---|
| 001 | rc\4072726 | ||
| 005 | 20260206133559.0 | ||
| 021 |
_aRU _b[53-46418] |
||
| 035 | _a(NLR Aleph) 007965799 | ||
| 090 |
_a8428517 _c8428517 |
||
| 100 | _a20130415d1953 u y0rusy50 ca | ||
| 101 | 1 |
_arus _cchi |
|
| 102 | _aRU | ||
| 105 | _ay z ||||| | ||
| 200 | 0 | _aТ. 4 | |
| 210 | _d1953 | ||
| 215 | _a624 с. | ||
| 461 | 0 |
_1001rc\4072722 _12001#$aИзбранные произведения$e[В 4 т.]$eПер. с кит.$vТ. 4 _1700#0$aМао Цзе-дун$f1893-1976 _98428495 _aМао Цзе-дун (1893-1976) _cМосква _d1952 _nИзд-во иностр. лит. _o[В 4 т.] : Пер. с кит. _tИзбранные произведения _vТ. 4 |
|
| 801 | 0 |
_aRU _bNLR _gpsbo |
|
| 801 | 1 |
_aRU _bELAR _2rusmarc |
|
| 852 |
_aNLR _jИ90 Г-3/48(4) |
||
| 942 | _cBOOK | ||
| 980 | _aNB | ||